[Event "Wch Blitz (Women)"]
[Site "Samarkand"]
[Date "2023.12.30"]
[Round "16"]
[White "Strutinskaya, Galina N"]
[Black "Zhunusbekova, Aymunzhok"]
[Result "0-1"]
[WhiteElo "2178"]
[BlackElo "1527"]
[PlyCount "96"]
[EventDate "2023.12.29"]
[EventType "swiss (blitz)"]
[EventRounds "17"]
[EventCountry "UZB"]
[SourceTitle "CB01_2024"]
[SourceDate "2024.01.03"]
[SourceVersion "1"]
[SourceVersionDate "2024.01.03"]
[SourceQuality "1"]

1. d4 f5 2. Bg5 g6 3. h4 h6 4. Bf4 Nf6 5. Nc3 d6 6. Nf3 c6 7. Qd2 Bg7 8. e3 Na6 9. Bd3 Nb4 10. Be2 Bd7 11. Bg3 Qb6 12. Na4 Qa5 13. Nc3 Nbd5 14. Nxd5 Qxd5 15. c4 Qf7 16. Qc2 Ne4 17. Bf4 e6 18. Bd3 d5 19. Ne5 Bxe5 20. Bxe5 Rg8 21. f3 Nf6 22. 0-0-0 dxc4 23. Bxc4 Nd5 24. Rhe1 Qe7 25. g3 b5 26. Bxd5 cxd5 27. Kb1 Kf7 28. e4 Rgc8 29. Qd2 Qf8 30. Bf4 h5 31. exd5 exd5 32. Bg5 Be6 33. Re5 Rc6 34. Rde1 Rac8 35. Qa5 a6 36. g4 Re8 37. gxh5 gxh5 38. Qd2 Rc4 39. Bh6 Qg8 40. Qe3 Qg6 41. Bg5 f4+ 42. Qe4 dxe4 43. fxe4 Rxd4 44. Bxf4 Red8 45. Bc1 Rd1 46. Re2 Qf6 47. Rc5 Qf3 48. Rcc2 Rxc1+ 0-1

[Event "Moscow Sveshnikov Memorial Blitz"]
[Site "Moscow"]
[Date "2023.12.09"]
[Round "6"]
[White "Idrisova, Roza"]
[Black "Strutinskaya, Galina N"]
[Result "0-1"]
[WhiteElo "1813"]
[BlackElo "2178"]
[PlyCount "54"]
[EventDate "2023.12.09"]
[EventType "tourn (blitz)"]
[EventRounds "11"]
[EventCountry "RUS"]
[EventCategory "1"]
[SourceTitle "CB50_2023"]
[SourceDate "2023.12.13"]
[SourceVersion "1"]
[SourceVersionDate "2023.12.13"]
[SourceQuality "1"]

1. d4 e6 2. Nf3 c5 3. e3 Nf6 4. Bd3 d5 5. c4 dxc4 6. Bxc4 a6 7. 0-0 b5 8. Bb3 Nbd7 9. Qe2 Bb7 10. Rd1 Qc7 11. a3 Bd6 12. h3 0-0 13. Nc3 Rfd8 14. Bc2 b4 15. dxc5 Bxc5 16. axb4 Bxb4 17. Bd2 Nc5 18. Rac1 a5 19. Na4 Ba6 20. Qe1 Nxa4 21. Bxh7+ Kxh7 22. Rxc7 Nxb2 23. Rb1 Nd3 24. Qc1 Nxc1 25. Bxc1 Rd1+ 26. Kh2 Bd6+ 27. Ne5 Kg8 0-1

[Event "Moscow Sveshnikov Memorial Blitz"]
[Site "Moscow"]
[Date "2023.12.09"]
[Round "11"]
[White "Raetsky, Alexander"]
[Black "Strutinskaya, Galina N"]
[Result "0-1"]
[WhiteElo "2310"]
[BlackElo "2178"]
[PlyCount "80"]
[EventDate "2023.12.09"]
[EventType "tourn (blitz)"]
[EventRounds "11"]
[EventCountry "RUS"]
[EventCategory "1"]
[SourceTitle "CB50_2023"]
[SourceDate "2023.12.13"]
[SourceVersion "1"]
[SourceVersionDate "2023.12.13"]
[SourceQuality "1"]

1. e4 c5 2. Nf3 Nc6 3. b4 e5 4. b5 Nd4 5. Bc4 d6 6. c3 Nxf3+ 7. Qxf3 Be6 8. d3 Be7 9. 0-0 Nf6 10. Bg5 0-0 11. Nd2 a6 12. a4 Qd7 13. Bxf6 Bxf6 14. bxa6 bxa6 15. Bxe6 fxe6 16. Nc4 Rab8 17. Qe2 Rb3 18. Qc2 Rfb8 19. g3 d5 20. Ne3 h5 21. Rfb1 c4 22. dxc4 Rxb1+ 23. Rxb1 Rxb1+ 24. Qxb1 d4 25. cxd4 exd4 26. Ng2 Qxa4 27. Nf4 Qxc4 28. Qb8+ Kh7 29. Qe8 Qb5 30. Qg6+ Kg8 31. Nxh5 Qg5 32. Qe8+ Kh7 33. h4 Qg6 34. Qxg6+ Kxg6 35. Nf4+ Kf7 36. Kf1 a5 37. Ke2 a4 38. Kd3 a3 39. Kc2 a2 40. Kb2 d3+ 0-1

[Event "Wch Seniors (Women) 31st"]
[Site "Terassini"]
[Date "2023.11.01"]
[Round "7"]
[White "Makropoulou, Marina"]
[Black "Strutinskaya, Galina N"]
[Result "1/2-1/2"]
[WhiteElo "2081"]
[BlackElo "2114"]
[PlyCount "21"]
[EventDate "2023.10.25"]
[EventType "swiss"]
[EventRounds "11"]
[EventCountry "ITA"]
[SourceTitle "Mega2024 Update 01"]
[Source "Chessbase"]
[SourceDate "2023.11.12"]
[SourceVersion "1"]
[SourceVersionDate "2023.11.12"]
[SourceQuality "1"]

1. e4 c5 2. Nf3 Nc6 3. Bb5 g6 4. 0-0 Bg7 5. Bxc6 bxc6 6. Re1 Nh6 7. d4 cxd4 8. Bxh6 Bxh6 9. Qxd4 0-0 10. c4 Rb8 11. Nbd2 1/2-1/2

[Event "Cheliabinsk Lozovatsky Memorial-B"]
[Site "Cheliabinsk"]
[Date "2023.02.05"]
[Round "10"]
[White "Nurgaliyeva, Zarina"]
[Black "Strutinskaya, Galina N"]
[Result "1-0"]
[WhiteElo "1980"]
[BlackElo "2168"]
[PlyCount "45"]
[EventDate "2023.01.27"]
[EventType "swiss"]
[EventRounds "10"]
[EventCountry "RUS"]
[SourceTitle "CBM 212 Extra"]
[Source "ChessBase"]
[SourceDate "2023.03.31"]
[SourceVersion "1"]
[SourceVersionDate "2023.03.31"]
[SourceQuality "1"]

1. e4 c5 2. Nf3 Nc6 3. Bb5 Na5 4. 0-0 a6 5. Be2 d6 6. d4 cxd4 7. Nxd4 Nf6 8. Nc3 e5 9. Nb3 Be6 10. Bg5 Be7 11. Bxf6 Bxf6 12. Nd5 Nxb3 13. axb3 Bg5 14. Bb5+ Kf8 15. Be2 g6 16. f4 exf4 17. Qd4 Kg8 18. Nxf4 Bf6 19. Qf2 Kg7 20. e5 dxe5 21. Nxe6+ fxe6 22. Rad1 Qe7 23. Qxf6+ 1-0

[Event "Cheliabinsk Lozovatsky Memorial-B"]
[Site "Cheliabinsk"]
[Date "2023.02.03"]
[Round "8"]
[White "Kovanova, Baira"]
[Black "Strutinskaya, Galina N"]
[Result "1-0"]
[WhiteElo "2309"]
[BlackElo "2168"]
[PlyCount "64"]
[EventDate "2023.01.27"]
[EventType "swiss"]
[EventRounds "10"]
[EventCountry "RUS"]
[SourceTitle "CBM 212 Extra"]
[Source "ChessBase"]
[SourceDate "2023.03.31"]
[SourceVersion "1"]
[SourceVersionDate "2023.03.31"]
[SourceQuality "1"]

1. e4 c5 2. Nf3 Nc6 3. Bb5 e5 4. Bxc6 dxc6 5. d3 Bd6 6. Nbd2 Ne7 7. Nc4 Ng6 8. Bd2 Be6 9. Ne3 f6 10. h4 h5 11. Ng1 Qd7 12. a3 Bc7 13. g3 a6 14. Ne2 Bh3 15. a4 b6 16. Bc3 0-0-0 17. Qd2 Kb7 18. b3 Nf8 19. f4 Bg4 20. f5 g6 21. Nxg4 hxg4 22. Rf1 Qf7 23. Qe3 Nd7 24. fxg6 Qxg6 25. Rf5 Bd6 26. 0-0-0 Rh7 27. Kb1 Qe8 28. Bb2 Qe6 29. Nc3 Rf8 30. Rdf1 Be7 31. Re1 b5 32. h5 Bd8 1-0

[Event "Cheliabinsk Lozovatsky Memorial-B"]
[Site "Cheliabinsk"]
[Date "2023.01.27"]
[Round "1"]
[White "Semenova, Arina"]
[Black "Strutinskaya, Galina N"]
[Result "0-1"]
[WhiteElo "1789"]
[BlackElo "2168"]
[PlyCount "82"]
[EventDate "2023.01.27"]
[EventType "swiss"]
[EventRounds "10"]
[EventCountry "RUS"]
[SourceTitle "CBM 212 Extra"]
[Source "ChessBase"]
[SourceDate "2023.03.31"]
[SourceVersion "1"]
[SourceVersionDate "2023.03.31"]
[SourceQuality "1"]

1. e4 c5 2. Nf3 Nc6 3. c4 Nd4 4. d3 g6 5. Nc3 Bg7 6. Be3 d6 7. Be2 e6 8. Rc1 Ne7 9. Qd2 h6 10. 0-0 g5 11. Bd1 Ng6 12. h3 Bd7 13. Nh2 e5 14. Nd5 Ne6 15. b4 b6 16. Bg4 Nef4 17. Bxf4 exf4 18. Bxd7+ Qxd7 19. Ng4 Qd8 20. bxc5 bxc5 21. Qd1 h5 22. Qa4+ Kf8 23. Nh2 g4 24. Qd1 Qh4 25. Qd2 Be5 26. Kh1 f3 27. Rg1 fxg2+ 28. Rxg2 Qxh3 29. Qg5 Qxd3 30. Qe3 Qxe3 31. fxe3 Rb8 32. Re2 Kg7 33. Rd1 Rb7 34. Kg1 Rhb8 35. Nf1 Rb2 36. Rxb2 Rxb2 37. Rd2 Rb1 38. Rc2 h4 39. Nc3 Bxc3 40. Rxc3 Ne5 41. Rb3 Ra1 0-1

[Event "Wch Seniors 65 30th"]
[Site "Assisi"]
[Date "2022.11.23"]
[Round "8"]
[White "Strutinskaya, Galina N"]
[Black "Binham, Timothy F"]
[Result "1/2-1/2"]
[WhiteElo "2137"]
[BlackElo "2284"]
[PlyCount "35"]
[EventDate "2022.11.15"]
[EventType "swiss"]
[EventRounds "11"]
[EventCountry "ITA"]
[SourceTitle "CBM 211 Extra"]
[Source "ChessBase"]
[SourceDate "2023.01.31"]
[SourceVersion "1"]
[SourceVersionDate "2023.01.31"]
[SourceQuality "1"]

1. d4 Nf6 2. Nf3 c5 3. d5 e6 4. c4 b5 5. Bg5 exd5 6. cxd5 d6 7. a4 b4 8. Nbd2 Be7 9. Nc4 0-0 10. e3 Nbd7 11. Bd3 Ba6 12. Rc1 h6 13. Bxf6 Nxf6 14. e4 Re8 15. 0-0 Bf8 16. Re1 Bb7 17. Nfd2 a5 18. h3 1/2-1/2

[Event "Wch Seniors 65 30th"]
[Site "Assisi"]
[Date "2022.11.15"]
[Round "1"]
[White "Segal, Yosef"]
[Black "Strutinskaya, Galina N"]
[Result "0-1"]
[WhiteElo "1828"]
[BlackElo "2137"]
[PlyCount "46"]
[EventDate "2022.11.15"]
[EventType "swiss"]
[EventRounds "11"]
[EventCountry "ITA"]
[SourceTitle "CBM 211 Extra"]
[Source "ChessBase"]
[SourceDate "2023.01.31"]
[SourceVersion "1"]
[SourceVersionDate "2023.01.31"]
[SourceQuality "1"]

1. d4 e6 2. c4 Bb4+ 3. Bd2 Qe7 4. a3 Bxd2+ 5. Qxd2 f5 6. g3 Nf6 7. Bg2 d6 8. Nc3 Nc6 9. e4 e5 10. d5 Nd4 11. Rb1 fxe4 12. Nge2 Nf3+ 13. Bxf3 exf3 14. Ng1 Bf5 15. Rd1 e4 16. h3 0-0 17. g4 Bg6 18. Qe3 Rae8 19. Kd2 a6 20. Re1 Qe5 21. Kc1 b5 22. Qd2 Nd7 23. Re3 Nb6 0-1

[Event "RUS-ch Rapid (Women)"]
[Site "Sochi"]
[Date "2022.10.15"]
[Round "1"]
[White "Strutinskaya, Galina N"]
[Black "Shuvalova, Polina"]
[Result "1/2-1/2"]
[WhiteElo "2097"]
[BlackElo "2492"]
[PlyCount "119"]
[EventDate "2022.10.15"]
[EventType "swiss (rapid)"]
[EventRounds "11"]
[EventCountry "RUS"]
[SourceTitle "CBM 210 Extra"]
[Source "ChessBase"]
[SourceDate "2022.11.30"]
[SourceVersion "1"]
[SourceVersionDate "2022.11.30"]
[SourceQuality "1"]

1. c4 e6 2. Nf3 Nf6 3. d4 d5 4. Nc3 c5 5. cxd5 exd5 6. g3 Nc6 7. Bg2 cxd4 8. Nxd4 Bc5 9. Nb3 Bb6 10. 0-0 d4 11. Na4 0-0 12. Nxb6 axb6 13. e4 Bg4 14. f3 Be6 15. Bf4 h6 16. Re1 Qd7 17. Bf1 Rfd8 18. Bb5 Qe7 19. a3 Rac8 20. Nc1 Na5 21. b4 Nc4 22. Nd3 Bd7 23. Bxc4 Rxc4 24. Ne5 Rcc8 25. Qxd4 Ba4 26. Qf2 g5 27. Rac1 gxf4 28. gxf4 Qe6 29. Qh4 Kh7 30. Kh1 Rxc1 31. Rxc1 Rg8 32. Re1 Bc6 33. Rg1 Rxg1+ 34. Kxg1 b5 35. Qg3 Nd7 36. Nxd7 Qxd7 37. f5 Qd4+ 38. Kg2 Qg7 39. Kh3 f6 40. Qd6 Be8 41. Kh4 Bf7 42. Qe7 Qg5+ 43. Kh3 Kg8 44. Qd8+ Kg7 45. Qd6 h5 46. Qg3 Kh6 47. f4 Qg7 48. Kh4 Qh8 49. e5 Qg7 50. exf6 Qxf6+ 51. Qg5+ Qxg5+ 52. fxg5+ Kg7 53. g6 Bxg6 54. fxg6 Kxg6 55. Kg3 Kg5 56. h3 Kf5 57. Kh4 Kg6 58. Kg3 Kg5 59. Kf3 Kf5 60. Kg3 1/2-1/2

[Event "RUS-ch Blitz (Women)"]
[Site "Sochi"]
[Date "2022.10.14"]
[Round "8"]
[White "Strutinskaya, Galina N"]
[Black "Bivol, Alina"]
[Result "0-1"]
[WhiteElo "2097"]
[BlackElo "2364"]
[PlyCount "124"]
[EventDate "2022.10.14"]
[EventType "swiss (blitz)"]
[EventRounds "13"]
[EventCountry "RUS"]
[SourceTitle "CBM 210 Extra"]
[Source "ChessBase"]
[SourceDate "2022.11.30"]
[SourceVersion "1"]
[SourceVersionDate "2022.11.30"]
[SourceQuality "1"]

1. d4 d5 2. c4 e6 3. Nf3 Nf6 4. Nc3 c5 5. cxd5 cxd4 6. Nxd4 Nxd5 7. Nxd5 Qxd5 8. e3 Be7 9. Bb5+ Bd7 10. Bxd7+ Nxd7 11. 0-0 0-0 12. b3 Rfd8 13. Bb2 Bf6 14. Qf3 Qxf3 15. gxf3 Ne5 16. Kg2 Nd3 17. Rab1 Nxb2 18. Rxb2 Bxd4 19. exd4 Rxd4 20. Rc1 Rd7 21. f4 g6 22. Rc4 Kg7 23. a4 Rad8 24. Rbc2 Rd3 25. b4 R8d7 26. a5 Kf6 27. Rc5 R3d4 28. R2c4 Rxc4 29. Rxc4 Rd5 30. Kf3 h6 31. Ke4 h5 32. h4 Rb5 33. Rd4 Ke7 34. Rc4 a6 35. Rd4 b6 36. axb6 Rxb6 37. Rc4 Rb5 38. Rd4 a5 39. bxa5 Rxa5 40. Rb4 Ra3 41. Ke5 Ra5+ 42. Ke4 Kf6 43. Rb3 Rc5 44. Ra3 Rb5 45. Rc3 Rb1 46. Kf3 Rg1 47. Rc1 Rg4 48. Rh1 Kf5 49. Rc1 Rxf4+ 50. Kg3 Rg4+ 51. Kh3 Ra4 52. Kg3 Ra3+ 53. f3 e5 54. Rc4 Ra7 55. Rb4 Ke6 56. Rb5 Rd7 57. Ra5 Rd4 58. Ra7 e4 59. Ra6+ Ke5 60. Ra5+ Rd5 61. f4+ Ke6 62. Ra4 Kf5 0-1

[Event "St Petersburg-ch Seniors Blitz (Women)"]
[Site "St Petersburg"]
[Date "2022.10.05"]
[Round "4"]
[White "Sazonova, Elena"]
[Black "Strutinskaya, Galina N"]
[Result "0-1"]
[WhiteElo "2020"]
[BlackElo "2090"]
[PlyCount "64"]
[EventDate "2022.10.05"]
[EventType "swiss (blitz)"]
[EventRounds "11"]
[EventCountry "RUS"]
[SourceTitle "CBM 210 Extra"]
[Source "ChessBase"]
[SourceDate "2022.11.30"]
[SourceVersion "1"]
[SourceVersionDate "2022.11.30"]
[SourceQuality "1"]

1. e4 c5 2. c3 d5 3. exd5 Qxd5 4. d4 Nf6 5. dxc5 Qxc5 6. Be3 Qc7 7. h3 a6 8. a4 e5 9. Nf3 Nc6 10. Be2 Be6 11. Nbd2 h6 12. 0-0 Rd8 13. Qc1 Nd5 14. Nc4 Be7 15. a5 Nxe3 16. Qxe3 Bxc4 17. Bxc4 Nxa5 18. Ba2 Nc6 19. Rad1 0-0 20. Rfe1 Bf6 21. Bd5 Rfe8 22. Be4 Na5 23. Qe2 g6 24. Bd5 Kg7 25. b4 Nc6 26. Qe3 a5 27. b5 Ne7 28. b6 Qc8 29. Bb3 Nf5 30. Qe4 Qxc3 31. Ba4 Rxd1 32. Rxd1 Re7 0-1

[Event "St Petersburg-ch Seniors Rapid (Women)"]
[Site "St Petersburg"]
[Date "2022.10.04"]
[Round "6"]
[White "Strutinskaya, Galina N"]
[Black "Solomonova, Lidia"]
[Result "1-0"]
[WhiteElo "1997"]
[BlackElo "2108"]
[PlyCount "63"]
[EventDate "2022.10.03"]
[EventType "swiss (rapid)"]
[EventRounds "10"]
[EventCountry "RUS"]
[SourceTitle "EXT 2024"]
[Source "ChessBase"]
[SourceDate "2023.10.10"]
[SourceVersion "1"]
[SourceVersionDate "2023.10.10"]
[SourceQuality "1"]

1. c4 g6 2. Nf3 Bg7 3. d4 d6 4. Nc3 Nf6 5. e4 Bg4 6. Be2 Nc6 7. d5 Nb8 8. 0-0 0-0 9. Ne1 Bxe2 10. Qxe2 c5 11. Nd3 e6 12. Bg5 h6 13. Be3 exd5 14. exd5 Nbd7 15. Bf4 Ne8 16. Nb5 Qf6 17. Rfe1 a6 18. Nc3 b6 19. Rac1 b5 20. Ne4 Qd4 21. b3 f5 22. Nd2 Ne5 23. Bxe5 dxe5 24. Nf3 Qg4 25. h3 Qh5 26. Nfxe5 Bxe5 27. Qxh5 gxh5 28. Rxe5 bxc4 29. Rxc4 Nd6 30. Rxc5 Rac8 31. Re6 Ne4 32. Rcc6 1-0